Adivina escudos de la CONMEBOL - Estadísticas

Estadísticas generales
  • Esta prueba ha sido intentada 90 veces
  • La puntuación promedio es 37 de 48
Estadísticas de respuestas
Imagen Respuesta % Correcto
River Plate
100%
Colo-Colo
98%
Fluminense
97%
Barcelona Sporting Club
94%
Flamengo
92%
Grêmio
92%
Santos FC
92%
Boca Juniors
91%
Peñarol
91%
Estudiantes (LP)
89%
Palmeiras
89%
San Lorenzo
89%
Independiente
88%
Cerro Porteño
86%
SC Internacional
86%
Universidad Catolica
86%
Universidad de Chile
86%
Club Olimpia
84%
Cruzeiro
84%
Atletico Mineiro
83%
Millonarios
83%
SC Corinthians
81%
Club Nacional
80%
Racing Club
78%
Sporting Cristal
78%
Sao Paulo FC
77%
Argentinos Juniors
75%
Universitario
75%
Alianza Lima
73%
Velez Sarsfield
70%
The Strongest
69%
América de Cali
67%
Guaraní
67%
Independiente del Valle
67%
Liga de Quito
67%
Once Caldas
67%
Bolívar
66%
Caracas FC
66%
Libertad
66%
Deportivo Cali
63%
Junior
63%
El Nacional
59%
Cobreloa
58%
Deportivo Tachira
58%
Emelec
58%
Defensor Sporting Club
52%
Jorge Wilstermann
47%
Oriente Petrolero
47%
No se encontraron pruebas coincidentes
Distribución de puntuación
Porcentaje de gente con cada puntuación
Porcentaje por número respondido
Historial de tus puntuaciones
No has intentado esta prueba.